000
00219nam a2200097Ia 4500
008
220204s9999 xx 000 0 und d
082
_a
82-3
_b
LUL
245
0
_a
Jan Cremer 2
260
_a
Herts
_b
Panther
_c
1975
942
_c
BK
999
_c
30792
_d
30792